| 000 | 00628nam a2200205 4500 | ||
|---|---|---|---|
| 001 | 144557 | ||
| 003 | ES-MaACL | ||
| 005 | 20250814063233.0 | ||
| 007 | t| | ||
| 008 | 070214s1956 sp r ||||1| spa d | ||
| 100 | 1 |
_aSimenon, Georges, _d1903-1989 _9106467 |
|
| 245 | 1 | 0 |
_aCallejón sin salida / _cGeorges Simenon ; versión castellana de F. Cañameras. |
| 260 |
_aBarcelona : _bEd. G. P., _c1956. |
||
| 300 |
_a159 p. ; _c18 cm. |
||
| 490 | 1 | _aCol. plaza | |
| 700 | 1 |
_aCanyameres, Ferran, _d1898-1964 _934731 |
|
| 830 | 0 |
_aCol. plaza _9187346 |
|
| 852 |
_aES-MaACL _jC-11097 _bR.38463 |
||
| 999 |
_c144557 _d144557 |
||